Qui sont ces médaillés aux Jeux Olympiques 2024 ? - Sports Collectifs - Statistiques

Statistiques générales
  • Ce quiz a été pris 43 fois
  • Le résultat moyen est 10 sur 24
Statistiques - réponses
Par images Hint Réponse % Correct
France - Rugby à 7 Antoine Dupont
97%
États Unis - Basketball LeBron James
97%
États Unis - Basketball Stephen Curry
94%
France - Basketball Victor Wembanyama
91%
France - Football Alexandre Lacazette
88%
France - Volleyball Earvin Ngapeth
85%
France - Basketball Rudy Gobert
79%
États Unis - Basketball Kevin Durant
76%
Handball - Danemark Mikkel Hansen
67%
France - Handball Cleopatre Darleux Mingam
39%
Pologne - Volleyball Wilfredo Leon Venero
36%
Espagne - Football Fermin Lopez
30%
France - Basketball Marine Fauthoux
30%
Pays Bas - Basketball 3x3 Worthy de Jong
21%
États Unis - Basketball Diana Taurasi
15%
France - Rugby à 7 Jefferson-Lee Joseph
12%
Norvège - Handball Katrine Lunde
12%
Danemark - Handball Niklas Landin Jacobsen
12%
Chine - Hockey sur Gazon Ou Zixia
3%
Fidji - Rugby à 7 Waisea Nacuqu
3%
Brésil - Beach Volleyball Ana Patricia Silva Ramos, Eduarda Santos Lisboa
0%
Norvège - Beach Volleyball Christian Sorum
0%
Serbie - Water Polo Dusan Mandic
0%
Argentine - Hockey sur Gazon Rocio Sanchez Moccia
0%
Aucun quiz correspondant
Distribution des résultats
% des personnes avec chaque résultat
Percentile par nombre de réponses
Votre historique - résultats
Vous n’avez pas pris ce quiz